Statistiques concernant Quel est ce Pokémon ? par image #11

Cliquez ici pour prendre le quiz!

Statistiques générales

  • Ce quiz a été pris 40 fois
  • Le résultat moyen est 11 sur 16

Statistiques - réponses

Réponse% Correct
Roucool
91%
Tarinor
89%
Boskara
86%
Galekid
86%
Corayon
83%
Linéon
74%
Nounourson
74%
Hippodocus
69%
Nanméouïe
69%
Koraidon
63%
Lumivole
63%
Grindur
60%
Diancie
57%
Dofin
57%
Gamblast
54%
Minisange
46%

Distribution des résultats

Percentile par nombre de réponses

% des personnes avec chaque résultat

Votre développement - résultats

Vous n’avez pas pris ce quiz